湖北省下辖县级行政区地图 County-level administrative divisions of Hubei - Statistics

General Stats
  • This quiz has been taken 1 119 times
  • The average score is 57 of 103
Answers on the Map
Answers color-coded by a green-red scale on the quiz's map according to % correct below.
 
Answer Stats
县级类 地名 % Correct
林区 神农架林区
91%
市辖区 武昌区
91%
县级市 仙桃市
89%
县级市 天门市
88%
市辖区 汉阳区
88%
县级市 潜江市
86%
县级市 恩施市
79%
市辖区 黄陂区
79%
市辖区 江汉区
74%
市辖区 东西湖区
73%
市辖区 江夏区
71%
县级市 赤壁市
71%
市辖区 樊城区
71%
县级市 丹江口市
68%
县级市 大冶市
67%
县级市 麻城市
66%
市辖区 蔡甸区
66%
市辖区 江岸区
66%
巴东县
65%
市辖区 黄州区
65%
市辖区 沙市区
65%
市辖区 洪山区
65%
黄梅县
64%
市辖区 荆州区
64%
县级市 监利市
64%
市辖区 鄂城区
63%
县级市 利川市
62%
县级市 钟祥市
62%
公安县
62%
市辖区 青山区
62%
随县
61%
大悟县
61%
红安县
60%
市辖区 硚口区
60%
市辖区 新洲区
60%
市辖区 襄城区
60%
市辖区 襄州区
60%
县级市 汉川市
60%
市辖区 汉南区
59%
县级市 洪湖市
58%
县级市 老河口市
58%
市辖区 夷陵区
58%
县级市 京山市
57%
市辖区 郧阳区
57%
县级市 广水市
57%
县级市 枣阳市
56%
县级市 枝江市
56%
市辖区 华容区
55%
嘉鱼县
55%
秭归县
54%
县级市 宜城市
53%
云梦县
53%
英山县
52%
县级市 武穴市
52%
郧西县
52%
市辖区 梁子湖区
51%
蕲春县
51%
市辖区 孝南区
51%
县级市 宜都市
51%
市辖区 掇刀区
50%
江陵县
50%
县级市 松滋市
50%
来凤县
49%
咸丰县
49%
县级市 石首市
49%
县级市 安陆市
49%
县级市 当阳市
49%
自治县 五峰土家族自治县
49%
浠水县
48%
团风县
47%
阳新县
47%
房县
47%
竹山县
47%
孝昌县
47%
市辖区 黄石港区
46%
自治县 长阳土家族自治县
46%
鹤峰县
45%
竹溪县
45%
市辖区 曾都区
44%
市辖区 西塞山区
43%
沙洋县
43%
通山县
43%
县级市 应城市
43%
市辖区 茅箭区
42%
市辖区 咸安区
42%
通城县
42%
市辖区 西陵区
42%
建始县
41%
罗田县
41%
市辖区 铁山区
41%
市辖区 点军区
41%
市辖区 猇亭区
41%
市辖区 东宝区
40%
南漳县
40%
市辖区 伍家岗区
39%
保康县
37%
宣恩县
36%
谷城县
36%
市辖区 张湾区
35%
兴山县
35%
崇阳县
32%
远安县
31%
市辖区 下陆区
29%
No matching quizzes found
Score Distribution
Percent of People with Each Score
Percentile by Number Answered
Your Score History
You have not taken this quiz